[Event "46th GRE-chT Premier 2018"]
[Site "Rio Achaia"]
[Date "2018.07.15"]
[Round "7"]
[White "Kalyva, Kyriaki"]
[Black "Pasoglou, Nikoleta"]
[Result "1-0"]
[WhiteElo "1734"]
[BlackElo "1354"]
[Annotator "NA"]
[PlyCount "81"]
[EventDate "2018.07.10"]
[EventType "team-tourn"]
[EventCountry "GRE"]
[SourceTitle "playchess.com"]
[Source "ChessBase"]
[SourceQuality "1"]

1. d4 Nf6 2. c4 e6 3. Nc3 Bb4 4. e3 O-O 5. Nge2 Re8 6. a3 Bf8 7. Nf4 c5 8. dxc5 Bxc5 9. Bd3 Nc6 10. b3 b6 11. O-O Bb7 12. Bb2 Be7 13. Bc2 d6 14. Qe2 a6 15. Rad1 Qc7 16. Rd2 Ne5 17. Rfd1 Ned7 18. Nd3 Nc5 19. f3 Nxd3 20. Qxd3 Rad8 21. Na4 e5 22. e4 Nd7 23. Nc3 Nc5 24. Qe3 Ne6 25. Qf2 d5 26. b4 dxc4 27. Nd5 Bxd5 28. exd5 Nf4 29. Qe3 Bg5 30. Qe4 Ng6 31. d6 Qd7 32. Rd5 b5 33. g3 Bf6 34. h4 Qh3 35. Qe1 Qe6 36. a4 Be7 37. d7 Rf8 38. h5 Qh3 39. hxg6 Bxb4 40. Qxe5 hxg6 41. Qxg7# 1-0

[Event "46th GRE-chT Premier 2018"]
[Site "Rio Achaia"]
[Date "2018.07.15"]
[Round "7"]
[White "Petraki, Argiro"]
[Black "Daniilidi, Dimitra Lydia"]
[Result "0-1"]
[WhiteElo "1729"]
[BlackElo "1174"]
[Annotator "NA"]
[PlyCount "124"]
[EventDate "2018.07.10"]
[EventType "team-tourn"]
[EventCountry "GRE"]
[SourceTitle "playchess.com"]
[Source "ChessBase"]
[SourceQuality "1"]

1. e4 c6 2. d4 d5 3. Nc3 dxe4 4. Nxe4 Bf5 5. Ng3 Bg6 6. h4 h6 7. Nh3 Nd7 8. h5 Bh7 9. Bd3 Bxd3 10. Qxd3 e6 11. Bd2 Bd6 12. O-O-O Ngf6 13. Kb1 Qc7 14. Rde1 O-O-O 15. f4 Nd5 16. Ne4 N7f6 17. Nxd6+ Qxd6 18. Qf3 Nb6 19. c3 Qd5 20. Qxd5 Rxd5 21. Re5 Nxh5 22. g4 Nf6 23. Nf2 Nc4 24. Re2 c5 25. b3 Nxd2+ 26. Rxd2 Rhd8 27. Rhd1 cxd4 28. cxd4 Ne8 29. Ne4 Nc7 30. Nc3 R5d6 31. a4 Nd5 32. Nb5 Ra6 33. Rf1 Kb8 34. Kb2 Rc6 35. f5 a6 36. Na3 Ne3 37. Rf4 exf5 38. gxf5 Rf6 39. Rdf2 Nd1+ 40. Kc2 Nxf2 41. Rxf2 Rxd4 42. Nc4 Rc6 43. Kc3 Rd5 44. Kb4 Rf6 45. Re2 Rdxf5 46. Re8+ Ka7 47. a5 Rb5+ 48. Ka4 Rff5 49. b4 Rf4 50. Kb3 Rxc4 51. Kxc4 Rg5 52. Re7 f5 53. Rf7 Rg4+ 54. Kd5 f4 55. Kd6 g5 56. Kc7 Rg3 57. Rh7 Rc3+ 58. Kd8 Rc6 59. Rg7 f3 60. Rf7 g4 61. Rf5 Rc2 62. b5 axb5 0-1

[Event "46th GRE-chT Premier 2018"]
[Site "Rio Achaia"]
[Date "2018.07.15"]
[Round "7"]
[White "Stratigi, Evangelia"]
[Black "Mastrakouli, Evagelia"]
[Result "0-1"]
[WhiteElo "1688"]
[BlackElo "1779"]
[Annotator "NA"]
[PlyCount "116"]
[EventDate "2018.07.10"]
[EventType "team-tourn"]
[EventCountry "GRE"]
[SourceTitle "playchess.com"]
[Source "ChessBase"]
[SourceQuality "1"]

1. e4 c5 2. Nf3 Nc6 3. c3 d6 4. Bd3 g6 5. Bc2 Bg7 6. O-O Nf6 7. Re1 O-O 8. h3 Bd7 9. d4 cxd4 10. cxd4 e5 11. Nc3 exd4 12. Nxd4 Nxd4 13. Qxd4 Nxe4 14. Qxe4 Re8 15. Bg5 Rxe4 16. Bxd8 Rxe1+ 17. Rxe1 Rxd8 18. Ne4 Bc6 19. Rd1 d5 20. b3 Re8 21. Ng3 h5 22. Kf1 d4 23. Bd3 Re5 24. Ne2 Rg5 25. g3 h4 26. g4 Bf3 27. Rc1 Be5 28. Rc4 f5 29. Nxd4 Bxd4 30. Rxd4 fxg4 31. hxg4 Bxg4 32. Bc4+ Kg7 33. Rf4 h3 34. Kg1 Bf3+ 35. Kh2 Bg2 36. Be2 Rf5 37. Rxf5 gxf5 38. f4 Kf6 39. Bc4 Ke7 40. Kg3 Kd6 41. Bf7 b5 42. Bg8 Kc5 43. Be6 Be4 44. a4 b4 45. Kxh3 Kd4 46. Kh4 Kc3 47. Kg5 Bc2 48. Bxf5 Bxb3 49. Bd7 Bc4 50. f5 b3 51. f6 Kb4 52. Kg6 b2 53. Bf5 Kxa4 54. f7 Bxf7+ 55. Kxf7 Kb3 56. Bb1 a5 57. Ke6 a4 58. Kd5 a3 0-1

[Event "46th GRE-chT Premier 2018"]
[Site "Rio Achaia"]
[Date "2018.07.15"]
[Round "7"]
[White "Stefanou, Konstantinos"]
[Black "Stamatiou, Rodolfos"]
[Result "1/2-1/2"]
[WhiteElo "1677"]
[BlackElo "1950"]
[Annotator "NA"]
[PlyCount "73"]
[EventDate "2018.07.10"]
[EventType "team-tourn"]
[EventCountry "GRE"]
[SourceTitle "playchess.com"]
[Source "ChessBase"]
[SourceQuality "1"]

1. c4 e6 2. Nc3 d5 3. e3 c6 4. Nf3 Nf6 5. b3 Nbd7 6. cxd5 exd5 7. Bb2 Bd6 8. Be2 O-O 9. O-O Qe7 10. Qc2 Re8 11. h3 Ne5 12. Nxe5 Qxe5 13. f4 Qe7 14. Bd3 h5 15. Ne2 Ne4 16. Bxe4 dxe4 17. Qc3 f6 18. f5 Kh7 19. g4 Be5 20. Qc1 Bxb2 21. Qxb2 Qe5 22. Qxe5 Rxe5 23. Nf4 hxg4 24. hxg4 Bd7 25. Ng6 Rc5 26. Kg2 Kg8 27. Rac1 Ra5 28. a4 Be8 29. Nf4 Bf7 30. Rc3 Rd8 31. Rd1 Re5 32. Kf2 Re7 33. Ne2 Rd3 34. Nc1 Rd6 35. Ne2 Rd3 36. Nc1 Rd6 37. Ne2 1/2-1/2

[Event "46th GRE-chT Premier 2018"]
[Site "Rio Achaia"]
[Date "2018.07.15"]
[Round "7"]
[White "Prokopiou, Ekaterini"]
[Black "Havanecz, Bianka"]
[Result "1/2-1/2"]
[WhiteElo "1661"]
[BlackElo "2193"]
[Annotator "NA"]
[PlyCount "95"]
[EventDate "2018.07.10"]
[EventType "team-tourn"]
[EventCountry "GRE"]
[SourceTitle "playchess.com"]
[Source "ChessBase"]
[SourceQuality "1"]

1. d4 d5 2. c4 e6 3. Nf3 Nf6 4. g3 Be7 5. Bg2 O-O 6. Qc2 a6 7. O-O dxc4 8. Qxc4 b5 9. Qc2 Bb7 10. Nbd2 Nc6 11. a3 Nxd4 12. Nxd4 Bxg2 13. Nxe6 fxe6 14. Kxg2 c5 15. Nf3 Qb6 16. Bg5 Rad8 17. Rad1 c4 18. Be3 Qb7 19. Kg1 Ne4 20. Rd4 Rxd4 21. Bxd4 Qd5 22. Be3 Rd8 23. Ne1 Rd7 24. Ng2 e5 25. f3 Nf6 26. Kh1 a5 27. Bg5 h6 28. Ne3 Qc5 29. Bxf6 Bxf6 30. Ng4 Qd6 31. Qf5 Rd8 32. f4 Qc6+ 33. Kg1 Be7 34. fxe5 Bc5+ 35. e3 Rf8 36. Qh5 Rxf1+ 37. Kxf1 b4 38. Qf5 c3 39. bxc3 bxa3 40. e6 a2 41. Nxh6+ Kh8 42. Nf7+ Kg8 43. Nh6+ Kh8 44. Nf7+ Kg8 45. Nh6+ gxh6 46. Qg6+ Kh8 47. Qxh6+ Kg8 48. Qg6+ 1/2-1/2

[Event "46th GRE-chT Premier 2018"]
[Site "Rio Achaia"]
[Date "2018.07.15"]
[Round "7"]
[White "Kontogianni, Maria Hristina"]
[Black "Markantonaki, Haritomeni"]
[Result "0-1"]
[WhiteElo "1631"]
[BlackElo "2152"]
[Annotator "NA"]
[PlyCount "64"]
[EventDate "2018.07.10"]
[EventType "team-tourn"]
[EventCountry "GRE"]
[SourceTitle "playchess.com"]
[Source "ChessBase"]
[SourceQuality "1"]

1. e4 c5 2. Nf3 e6 3. d4 cxd4 4. Nxd4 Nc6 5. Be3 Nf6 6. Bd3 d5 7. exd5 Nxd5 8. Nxc6 bxc6 9. Bd2 Be7 10. Nc3 Rb8 11. Bc4 O-O 12. O-O Bf6 13. Rb1 Qc7 14. Qf3 Be5 15. h3 Bb7 16. Rfe1 Rbd8 17. Bd3 Nf6 18. Qe2 Bd4 19. Be3 c5 20. Bxd4 cxd4 21. Ne4 Nd5 22. Qh5 h6 23. Qh4 f5 24. Nd2 Nf4 25. Nf3 Rf6 26. Ne5 Nxg2 27. Qg3 Nxe1 28. Rxe1 Qa5 29. Rd1 Qxa2 30. b3 Be4 31. Bxe4 fxe4 32. Nc6 Qxc2 0-1

[Event "46th GRE-chT Premier 2018"]
[Site "Rio Achaia"]
[Date "2018.07.15"]
[Round "7"]
[White "Strati, Betty - Anna"]
[Black "Aivazian, Elpida Sofia"]
[Result "1-0"]
[WhiteElo "1631"]
[BlackElo "1451"]
[Annotator "NA"]
[PlyCount "149"]
[EventDate "2018.07.10"]
[EventType "team-tourn"]
[EventCountry "GRE"]
[SourceTitle "playchess.com"]
[Source "ChessBase"]
[SourceQuality "1"]

1. d4 Nf6 2. Bf4 g6 3. e3 Bg7 4. h3 d6 5. Nf3 O-O 6. Be2 c5 7. c3 b6 8. O-O Bb7 9. Nbd2 Nbd7 10. Rc1 Re8 11. Bh2 Ne4 12. Nxe4 Bxe4 13. Nd2 Bb7 14. Bf3 Qc7 15. e4 Rac8 16. d5 b5 17. Be2 c4 18. b3 cxb3 19. axb3 a6 20. c4 Qb6 21. Bg4 Rc7 22. Bxd7 Rxd7 23. e5 dxe5 24. c5 Qa5 25. c6 Bxc6 26. dxc6 Rxd2 27. Qe1 Bh6 28. Bxe5 b4 29. c7 Rc8 30. Qe4 Rd5 31. Rcd1 Rxe5 32. Rd8+ Kg7 33. Qxe5+ Qxe5 34. Rxc8 Qc5 35. g3 Bd2 36. Rd1 Bc3 37. Rg8+ Kxg8 38. Rd8+ Kg7 39. c8=Q Qxc8 40. Rxc8 Kf6 41. Kf1 e5 42. Rc6+ Kg5 43. Rxa6 h5 44. Ke2 f5 45. h4+ Kh6 46. Rc6 Bb2 47. Rc4 Ba3 48. f3 Kg7 49. Kd3 Kf7 50. Rc6 Bb2 51. Rc4 Ba3 52. Rc7+ Kf6 53. Rc6+ Kf7 54. Kc4 f4 55. gxf4 exf4 56. Kd3 Bb2 57. Rc4 Bc3 58. Rxf4+ Ke6 59. Rc4 Kf5 60. Ke2 Ke5 61. Rc5+ Kf6 62. f4 Ke6 63. Rg5 Kf6 64. Rb5 Ke6 65. Kd3 Kf6 66. Ke2 Ke6 67. Rg5 Kf6 68. Rc5 Bb2 69. Rc2 Ba3 70. Kf3 Kf5 71. Rc6 Bb2 72. Rc5+ Kf6 73. Rc4 Ba3 74. Ke4 Bb2 75. Rxb4 1-0

[Event "46th GRE-chT Premier 2018"]
[Site "Rio Achaia"]
[Date "2018.07.15"]
[Round "7"]
[White "Papadopoulos, Dimitrios Ath"]
[Black "Stamatis, Ioannis"]
[Result "0-1"]
[WhiteElo "1609"]
[BlackElo "1777"]
[Annotator "NA"]
[PlyCount "108"]
[EventDate "2018.07.10"]
[EventType "team-tourn"]
[EventCountry "GRE"]
[SourceTitle "playchess.com"]
[Source "ChessBase"]
[SourceQuality "1"]

1. d4 Nf6 2. Nf3 e6 3. c4 Bb4+ 4. Bd2 Qe7 5. a3 Bxd2+ 6. Nbxd2 d6 7. e4 e5 8. d5 Nbd7 9. b4 Nf8 10. g3 Ng6 11. Bg2 O-O 12. O-O h6 13. Ne1 c6 14. Nd3 cxd5 15. cxd5 Bd7 16. Qb3 Rfc8 17. Rfc1 h5 18. Rxc8+ Rxc8 19. Rc1 Rxc1+ 20. Nxc1 b5 21. Qc3 Qd8 22. Ncb3 Qb6 23. Nf1 Ng4 24. Ne3 Nxe3 25. Qxe3 Qxe3 26. fxe3 Ne7 27. Kf2 Nc8 28. Bf3 g6 29. Na5 Kf8 30. Be2 Nb6 31. Bd3 Ke7 32. Ke1 Kd8 33. Kd2 Kc7 34. Kc2 a6 35. Be2 f5 36. Bd3 fxe4 37. Bxe4 Bf5 38. Kd3 Nxd5 39. Bxf5 gxf5 40. e4 fxe4+ 41. Kxe4 Ne7 42. Nb3 Kd7 43. Nc1 Ke6 44. Nd3 Nd5 45. Nb2 Nb6 46. Kd3 d5 47. Nd1 Nc4 48. Nf2 Nxa3 49. g4 hxg4 50. Nxg4 e4+ 51. Kc3 Nc4 52. Kd4 Nd6 53. Kc5 Nf5 54. Kb6 e3 0-1

[Event "46th GRE-chT Premier 2018"]
[Site "Rio Achaia"]
[Date "2018.07.15"]
[Round "7"]
[White "Serpetsidaki, Eva"]
[Black "Grafakou, Sotiria-Aphrodite"]
[Result "0-1"]
[WhiteElo "1591"]
[BlackElo "1617"]
[Annotator "NA"]
[PlyCount "42"]
[EventDate "2018.07.10"]
[EventType "team-tourn"]
[EventCountry "GRE"]
[SourceTitle "playchess.com"]
[Source "ChessBase"]
[SourceQuality "1"]

1. e4 c5 2. Nc3 Nc6 3. g3 g6 4. Bg2 Bg7 5. d3 d6 6. Nge2 Nf6 7. O-O O-O 8. h3 Nd7 9. Be3 e6 10. Qd2 a6 11. Bh6 b5 12. Bxg7 Kxg7 13. f4 Bb7 14. f5 Nf6 15. g4 h6 16. Rf2 Qd7 17. Raf1 g5 18. Bf3 Ne5 19. Bh1 Qe7 20. Qe3 Kh7 21. Kh2 Nexg4+ 0-1

[Event "46th GRE-chT Premier 2018"]
[Site "Rio Achaia"]
[Date "2018.07.15"]
[Round "7"]
[White "Tzagarakis, Panagiotis"]
[Black "Eleftheriou, Georgios"]
[Result "1-0"]
[WhiteElo "1573"]
[BlackElo "1790"]
[Annotator "NA"]
[PlyCount "69"]
[EventDate "2018.07.10"]
[EventType "team-tourn"]
[EventCountry "GRE"]
[SourceTitle "playchess.com"]
[Source "ChessBase"]
[SourceQuality "1"]

1. e4 c6 2. d4 d5 3. e5 Bf5 4. h4 h5 5. Bd3 Bxd3 6. Qxd3 e6 7. Bg5 Qa5+ 8. Nd2 Ne7 9. Ngf3 Qa6 10. c4 dxc4 11. Nxc4 Nd5 12. O-O Nd7 13. Nfd2 Nb4 14. Qb3 Nb6 15. Nd6+ Bxd6 16. exd6 N4d5 17. f4 f6 18. f5 O-O-O 19. fxe6 fxg5 20. Ne4 Qc4 21. d7+ Kb8 22. Qxc4 Nxc4 23. hxg5 Kc7 24. Rf7 Nd6 25. Nxd6 Kxd6 26. Re1 Rhg8 27. Kh2 Ne7 28. Kg1 g6 29. Kh2 Rgf8 30. Rf6 Kd5 31. Kg1 Kxd4 32. Rf7 Nd5 33. Rxf8 Rxf8 34. Rd1+ Ke5 35. Rxd5+ 1-0

[Event "46th GRE-chT Premier 2018"]
[Site "Rio Achaia"]
[Date "2018.07.15"]
[Round "7"]
[White "Gkikas, Ioannis"]
[Black "Serpetsidakis, Nikolaos"]
[Result "0-1"]
[WhiteElo "1553"]
[BlackElo "2087"]
[Annotator "NA"]
[PlyCount "72"]
[EventDate "2018.07.10"]
[EventType "team-tourn"]
[EventCountry "GRE"]
[SourceTitle "playchess.com"]
[Source "ChessBase"]
[SourceQuality "1"]

1. e4 e6 2. d4 d5 3. exd5 exd5 4. Bd3 Nc6 5. c3 Bd6 6. Nf3 Nge7 7. O-O Bg4 8. Nbd2 Qd7 9. Re1 O-O-O 10. b4 Rde8 11. a4 Ng6 12. Qb3 Nf4 13. Bf1 Qf5 14. Ba3 Re6 15. Rxe6 Nxe6 16. Re1 h5 17. Qb1 Qf6 18. b5 Ncxd4 19. Bxd6 Nxf3+ 20. gxf3 Bf5 21. Qc1 cxd6 22. c4 d4 23. Ne4 Bxe4 24. fxe4 Rh6 25. Qd1 Rg6+ 26. Kh1 Qxf2 27. Bh3 Qh4 28. Bxe6+ Rxe6 29. Qe2 f5 30. Qf1 g6 31. Re2 Rxe4 32. Rxe4 Qxe4+ 33. Kg1 Qe3+ 34. Kg2 d3 35. h4 f4 36. Kh1 d2 0-1

[Event "46th GRE-chT Premier 2018"]
[Site "Rio Achaia"]
[Date "2018.07.15"]
[Round "7"]
[White "Skiadopoulou, Afroditi-Lelouda"]
[Black "Georgitsi, Sofia"]
[Result "1-0"]
[WhiteElo "1491"]
[BlackElo "1420"]
[Annotator "NA"]
[PlyCount "91"]
[EventDate "2018.07.10"]
[EventType "team-tourn"]
[EventCountry "GRE"]
[SourceTitle "playchess.com"]
[Source "ChessBase"]
[SourceQuality "1"]

1. e4 e5 2. Nc3 Nc6 3. g3 Nf6 4. Bg2 Bc5 5. d3 d6 6. Na4 Bb6 7. Nxb6 axb6 8. Ne2 O-O 9. O-O Re8 10. f4 exf4 11. Bxf4 h6 12. Nc3 Ne5 13. h3 Ng6 14. Bd2 Bd7 15. Qf3 Ne5 16. Qf2 Kh7 17. Ne2 Rf8 18. Nd4 Qc8 19. Nf5 Bxf5 20. exf5 Kg8 21. Qf4 Ra7 22. g4 b5 23. g5 Ra4 24. Qe3 hxg5 25. Qxg5 c6 26. Rf2 Qd8 27. b4 Nh7 28. Qg3 Re8 29. h4 Qe7 30. Bh3 Qc7 31. f6 g6 32. h5 c5 33. Qf4 g5 34. Qg3 Kh8 35. Rf5 Rg8 36. Kh2 g4 37. Bg2 Qd7 38. Qf4 g3+ 39. Kg1 Rg4 40. Qf1 cxb4 41. Be4 Ra8 42. Bh6 Qc7 43. Bg7+ Kg8 44. Qc1 Rc8 45. Rf1 b6 46. Bxh7+ 1-0

[Event "46th GRE-chT Premier 2018"]
[Site "Rio Achaia"]
[Date "2018.07.15"]
[Round "7"]
[White "Rousis, Chrysostomos"]
[Black "Fertakis, Dimitrios"]
[Result "1-0"]
[WhiteElo "1483"]
[BlackElo "1058"]
[Annotator "NA"]
[PlyCount "113"]
[EventDate "2018.07.10"]
[EventType "team-tourn"]
[EventCountry "GRE"]
[SourceTitle "playchess.com"]
[Source "ChessBase"]
[SourceQuality "1"]

1. e4 c5 2. Nf3 e6 3. d4 cxd4 4. Nxd4 Nf6 5. Nc3 Nc6 6. Nb3 Bb4 7. Bg5 O-O 8. Bd3 h6 9. Bh4 Be7 10. Qe2 d5 11. exd5 Nxd5 12. Nxd5 Bxh4 13. Nc3 Bf6 14. O-O-O Qc7 15. Ne4 Be7 16. g4 b6 17. g5 Qf4+ 18. Kb1 Bxg5 19. Nxg5 Qxg5 20. Qe4 g6 21. Qxc6 Rb8 22. Rhg1 Qf6 23. Qg2 Kh8 24. Be4 Qe7 25. Qg3 Ba6 26. Qd6 Rfe8 27. Qxe7 Rxe7 28. Rd6 Rc8 29. Rgd1 Rcc7 30. Nc1 Kg7 31. Nd3 Kf6 32. Nb4 Bc4 33. b3 Ke5 34. Bg2 Be2 35. R1d2 Bb5 36. c4 Be8 37. Bc6 Kf6 38. Bxe8 Rxe8 39. Nd5+ Kf5 40. Nxc7 Rc8 41. Nb5 a6 42. Nd4+ Kf6 43. Rxb6 Ra8 44. c5 Ke7 45. Nf3 Rc8 46. c6 Kf6 47. Rc2 Ke7 48. c7 Kd7 49. Ne5+ Ke7 50. Rb8 Rxc7 51. Rxc7+ Kd6 52. Rxf7 Kxe5 53. Kc2 h5 54. Rd8 g5 55. h4 gxh4 56. Kd3 h3 57. f4# 1-0

[Event "46th GRE-chT Premier 2018"]
[Site "Rio Achaia"]
[Date "2018.07.15"]
[Round "7"]
[White "Frontzos, Ioannis"]
[Black "Benatsis, Alexandros"]
[Result "1-0"]
[WhiteElo "1480"]
[BlackElo "1669"]
[Annotator "NA"]
[PlyCount "65"]
[EventDate "2018.07.10"]
[EventType "team-tourn"]
[EventCountry "GRE"]
[SourceTitle "playchess.com"]
[Source "ChessBase"]
[SourceQuality "1"]

1. c4 e5 2. Nc3 Nc6 3. g3 f5 4. Bg2 Nf6 5. d3 Bb4 6. Bd2 O-O 7. a3 Bxc3 8. Bxc3 d6 9. Nf3 a5 10. b4 axb4 11. axb4 Rxa1 12. Qxa1 e4 13. Nd4 Nxd4 14. Bxd4 exd3 15. exd3 c5 16. Bxf6 Rxf6 17. O-O f4 18. Bd5+ Kh8 19. Re1 fxg3 20. hxg3 Qf8 21. bxc5 dxc5 22. Qb2 h5 23. Qb5 Kh7 24. Re8 Qd6 25. Rxc8 h4 26. Qxc5 Qa6 27. Be4+ g6 28. Qe7+ Kh6 29. Rh8+ Kg5 30. Rxh4 Qa1+ 31. Kg2 Qb2 32. Rf4 b5 33. Qxf6+ 1-0

[Event "46th GRE-chT Premier 2018"]
[Site "Rio Achaia"]
[Date "2018.07.15"]
[Round "7"]
[White "Kollias, Dimitrios"]
[Black "Damianou, Ioannis"]
[Result "0-1"]
[WhiteElo "1460"]
[BlackElo "2058"]
[Annotator "NA"]
[PlyCount "44"]
[EventDate "2018.07.10"]
[EventType "team-tourn"]
[EventCountry "GRE"]
[SourceTitle "playchess.com"]
[Source "ChessBase"]
[SourceQuality "1"]

1. e4 c5 2. c3 d5 3. exd5 Qxd5 4. d4 g6 5. Be3 cxd4 6. Bxd4 e5 7. Qe2 Nc6 8. Nf3 Bg4 9. Nbd2 O-O-O 10. c4 Qa5 11. Bc3 Bb4 12. Bxb4 Nxb4 13. Qd1 e4 14. a3 exf3 15. axb4 Re8+ 16. Be2 Rxe2+ 17. Kf1 fxg2+ 18. Kxg2 Qf5 19. Rf1 Rxd2 20. Qb3 Qe4+ 21. Kg1 Bf3 22. h3 Qf5 0-1

[Event "46th GRE-chT Premier 2018"]
[Site "Rio Achaia"]
[Date "2018.07.15"]
[Round "7"]
[White "Klampatseas, Christos"]
[Black "Papadopoulos, Zisis"]
[Result "0-1"]
[WhiteElo "1440"]
[BlackElo "1834"]
[Annotator "NA"]
[PlyCount "108"]
[EventDate "2018.07.10"]
[EventType "team-tourn"]
[EventCountry "GRE"]
[SourceTitle "playchess.com"]
[Source "ChessBase"]
[SourceQuality "1"]

1. d4 Nf6 2. c4 g6 3. Nc3 Bg7 4. e4 d6 5. Be2 O-O 6. Be3 Nbd7 7. g4 c5 8. d5 Qa5 9. f3 a6 10. Bd2 e6 11. g5 Ne8 12. h4 Qd8 13. Rb1 Nc7 14. a3 exd5 15. Nxd5 Nxd5 16. cxd5 b5 17. h5 Qe7 18. hxg6 fxg6 19. Qc2 Bb7 20. Kd1 Rae8 21. Bc1 Bd4 22. Nh3 Qe5 23. Qd2 c4 24. Qe1 Rf7 25. Nf2 Bxf2 26. Qxf2 Qxe4 27. fxe4 Rxf2 28. Be3 Rf7 29. Rh4 Bxd5 30. exd5 Rxe3 31. Kd2 Re5 32. Bg4 Rxd5+ 33. Kc3 Rd3+ 34. Kb4 Ne5 35. Ka5 Rd4 36. Rg1 c3 37. bxc3 Ra4+ 38. Kb6 Kg7 39. Rgh1 Nxg4 40. Rxh7+ Kf8 41. Rh8+ Ke7 42. Re1+ Ne5 43. Rb8 Ke6 44. Re8+ Kd7 45. Rb8 Rxa3 46. Rb7+ Ke6 47. Rb8 Rf5 48. Rd8 Rxg5 49. Rd1 Nc4+ 50. Kc7 Rxc3 51. Re8+ Kf7 52. Kd8 Re5 53. Rf1+ Kg7 54. Ref8 Rf5 0-1

[Event "46th GRE-chT Premier 2018"]
[Site "Rio Achaia"]
[Date "2018.07.15"]
[Round "7"]
[White "Kratimenou, Georgia"]
[Black "Antova, Gabriela"]
[Result "0-1"]
[WhiteElo "1436"]
[BlackElo "2301"]
[Annotator "NA"]
[PlyCount "110"]
[EventDate "2018.07.10"]
[EventType "team-tourn"]
[EventCountry "GRE"]
[SourceTitle "playchess.com"]
[Source "ChessBase"]
[SourceQuality "1"]

1. e4 e5 2. Nf3 Nf6 3. Nxe5 d6 4. Nf3 Nxe4 5. Nc3 Nxc3 6. dxc3 Be7 7. Bf4 Nc6 8. Qd2 Be6 9. Bd3 h6 10. h3 Qd7 11. O-O-O a6 12. Kb1 O-O-O 13. Be3 Bf6 14. Qe2 Na5 15. Nd4 Qa4 16. Nxe6 fxe6 17. Ba7 Rhe8 18. Bg6 Re7 19. Bd4 Nc6 20. Bxf6 gxf6 21. Qe3 Qh4 22. Be4 d5 23. Bf3 Kb8 24. g3 Qg5 25. Qxg5 fxg5 26. Bg4 Rf8 27. Rhe1 Rf6 28. Re2 Ka7 29. Kc1 Kb6 30. Rde1 Nd8 31. f3 Kc5 32. Re5 Kd6 33. h4 Nf7 34. R5e2 gxh4 35. gxh4 e5 36. Kd2 Rf4 37. Bc8 Rxf3 38. Bxb7 c6 39. Bc8 e4 40. c4 Ne5 41. cxd5 cxd5 42. b3 Rf8 43. Bxa6 Nf3+ 44. Kc1 Nxe1 45. Rxe1 Ra7 46. Be2 Rxa2 47. Kb1 Rfa8 48. Kc1 Ra1+ 49. Kd2 e3+ 50. Kxe3 Rxe1 51. Kd3 Rxe2 52. Kxe2 Rf8 53. c3 Rf4 54. h5 Rh4 55. b4 Rxh5 0-1

[Event "46th GRE-chT Premier 2018"]
[Site "Rio Achaia"]
[Date "2018.07.15"]
[Round "7"]
[White "Goutoufas, Christos"]
[Black "Papanagiotou, Dimitrios"]
[Result "1-0"]
[WhiteElo "1434"]
[BlackElo "1031"]
[Annotator "NA"]
[PlyCount "47"]
[EventDate "2018.07.10"]
[EventType "team-tourn"]
[EventCountry "GRE"]
[SourceTitle "playchess.com"]
[Source "ChessBase"]
[SourceQuality "1"]

1. d4 d5 2. c4 Nf6 3. cxd5 Nxd5 4. Nc3 c6 5. e4 Nb6 6. Be3 Bd7 7. a4 a5 8. Bd3 e6 9. Nge2 Bb4 10. O-O Qe7 11. Na2 c5 12. Nxb4 cxd4 13. Bxd4 Qxb4 14. Bc3 Qf8 15. b3 Nc6 16. Nd4 Qc5 17. Nb5 O-O 18. Rc1 Qg5 19. f4 Qh6 20. Rf3 e5 21. f5 Nc8 22. Rg3 N8a7 23. Bd2 Qf6 24. Bg5 1-0

[Event "46th GRE-chT Premier 2018"]
[Site "Rio Achaia"]
[Date "2018.07.15"]
[Round "7"]
[White "Fragou, Maria V"]
[Black "Tsouli, Rafailia"]
[Result "1/2-1/2"]
[WhiteElo "1427"]
[BlackElo "1327"]
[Annotator "NA"]
[PlyCount "65"]
[EventDate "2018.07.10"]
[EventType "team-tourn"]
[EventCountry "GRE"]
[SourceTitle "playchess.com"]
[Source "ChessBase"]
[SourceQuality "1"]

1. e4 e5 2. Nf3 Nc6 3. Bc4 Bc5 4. c3 Nf6 5. d3 d6 6. O-O a6 7. Bb3 Ba7 8. h3 h6 9. Re1 O-O 10. Nbd2 Ne7 11. Nf1 Ng6 12. Ng3 Nh7 13. d4 Ng5 14. Bxg5 hxg5 15. dxe5 Nxe5 16. Nxe5 dxe5 17. Qe2 Qf6 18. Rad1 g6 19. Rd3 Kg7 20. Nf1 g4 21. Rg3 gxh3 22. gxh3 Rh8 23. Kg2 Qh4 24. Qf3 Qf4 25. Ne3 f6 26. Nd5 Qxf3+ 27. Rxf3 c6 28. Nc7 Rb8 29. Ne6+ Bxe6 30. Bxe6 Rbd8 31. Re2 Rd6 32. Bb3 Rhd8 33. Kf1 1/2-1/2

[Event "46th GRE-chT Premier 2018"]
[Site "Rio Achaia"]
[Date "2018.07.15"]
[Round "7"]
[White "Kotsoglou, Evi"]
[Black "Avramidou, Anastasia"]
[Result "0-1"]
[WhiteElo "1424"]
[BlackElo "2262"]
[Annotator "NA"]
[PlyCount "76"]
[EventDate "2018.07.10"]
[EventType "team-tourn"]
[EventCountry "GRE"]
[SourceTitle "playchess.com"]
[Source "ChessBase"]
[SourceQuality "1"]

1. e4 g6 2. d4 Bg7 3. Nc3 c6 4. Nf3 d6 5. Be3 Nf6 6. h3 O-O 7. Qd2 b5 8. a3 Bb7 9. Bd3 Nbd7 10. O-O e5 11. Rad1 exd4 12. Nxd4 a6 13. Nde2 Qc7 14. Ng3 Rad8 15. Rfe1 Ne5 16. Qc1 Rfe8 17. Bg5 Rc8 18. Qd2 Nxd3 19. Qxd3 d5 20. exd5 cxd5 21. Rc1 Qc6 22. Nce2 Ne4 23. Bf4 Bxb2 24. Rb1 Bg7 25. Rbc1 Qc5 26. Nxe4 dxe4 27. Qb3 Bd5 28. Qe3 Qxe3 29. Bxe3 Bb2 30. Rcd1 Bc4 31. Rd6 a5 32. Bc1 Be5 33. Rd2 b4 34. axb4 axb4 35. Rdd1 Red8 36. Ng3 f5 37. Rxd8+ Rxd8 38. f3 Bxg3 0-1

[Event "46th GRE-chT Premier 2018"]
[Site "Rio Achaia"]
[Date "2018.07.15"]
[Round "7"]
[White "Papadopoulos, Panteleimon"]
[Black "Bebis, Epaminondas-Alexand"]
[Result "0-1"]
[WhiteElo "1422"]
[BlackElo "1554"]
[Annotator "NA"]
[PlyCount "78"]
[EventDate "2018.07.10"]
[EventType "team-tourn"]
[EventCountry "GRE"]
[SourceTitle "playchess.com"]
[Source "ChessBase"]
[SourceQuality "1"]

1. e4 c6 2. d4 d5 3. e5 Bf5 4. Bd3 Bxd3 5. Qxd3 e6 6. Ne2 Qb6 7. O-O c5 8. c4 Nc6 9. cxd5 Nb4 10. Qb3 Nxd5 11. Qxb6 axb6 12. a3 Nge7 13. Rd1 Nc6 14. Be3 Ncb4 15. Rd2 Be7 16. Nbc3 Nxe3 17. fxe3 Bg5 18. Kf2 c4 19. Nb5 O-O 20. Nd6 f6 21. Ng1 fxe5+ 22. Nf3 exd4 23. Nxc4 b5 24. exd4 bxc4 25. Re2 Nd3+ 26. Kg1 Bc1 27. Rb1 Ra6 28. Rc2 Be3+ 29. Kf1 Bxd4 30. Rxc4 Bxb2 31. a4 Ne5 32. Rb4 Nxf3 33. gxf3 Be5 34. Kg2 Rf7 35. Re4 Bf6 36. Reb4 h6 37. Kg3 Rd7 38. Re4 Rd4 39. Rxe6 Rxe6 0-1

[Event "46th GRE-chT Premier 2018"]
[Site "Rio Achaia"]
[Date "2018.07.15"]
[Round "7"]
[White "Apostolakaki, Evangelia"]
[Black "Lagogianni, Niki Vasiliki"]
[Result "1/2-1/2"]
[WhiteElo "1376"]
[BlackElo "1123"]
[Annotator "NA"]
[PlyCount "81"]
[EventDate "2018.07.10"]
[EventType "team-tourn"]
[EventCountry "GRE"]
[SourceTitle "playchess.com"]
[Source "ChessBase"]
[SourceQuality "1"]

1. d4 g6 2. c4 Bg7 3. Nf3 Nf6 4. Nc3 O-O 5. e3 d6 6. Be2 Nbd7 7. O-O Re8 8. a3 c6 9. b4 a5 10. Bb2 b6 11. Qc2 Bb7 12. Rfd1 Qc7 13. Rac1 d5 14. cxd5 cxd5 15. Nxd5 Qxc2 16. Nxf6+ Nxf6 17. Rxc2 axb4 18. axb4 Nd5 19. b5 Rec8 20. Rxc8+ Rxc8 21. Rc1 e6 22. Rxc8+ Bxc8 23. Nd2 Bd7 24. Nb1 Nc7 25. Nc3 e5 26. Na4 exd4 27. Nxb6 Bxb5 28. Bxb5 Nxb5 29. exd4 Bxd4 30. Bxd4 Nxd4 31. f3 Kg7 32. Kf2 h5 33. Ke3 Nf5+ 34. Kf4 f6 35. g3 Nh6 36. h4 Nf5 37. Nd5 Kf7 38. Ne3 Nxe3 39. Kxe3 f5 40. Kf4 Kf6 41. g4 1/2-1/2